Statistiques concernant Culture Générale - Série 344

Cliquez ici pour prendre le quiz!

Statistiques générales

  • Ce quiz a été pris 151 fois
  • Le résultat moyen est 6 sur 10

Statistiques - réponses

QuestionRéponse% Correct
Quel héros de BD s'exprime avec les onomatopées "Houba Houba" ?Le marsupilami
90%
Quelle est la monnaie de la Russie et de la Biélorussie ?Le rouble
81%
Quel héros mythologique est le père de Télémaque ?Ulysse
77%
Quelle veste en toile avec des poches tient son nom d'un désert ?La saharienne
63%
En Russie, face à quoi êtes-vous si vous êtes devant une datcha ?Une maison
60%
Au tarot, quelle carte permet de ne pas jouer la couleur demandée ?L'excuse
57%
A quel animateur doit-on l'émission Cocoricocoboy en 1984 ?Stéphane Collaro
49%
Quel nom de légume porte le nain qui est l'ami de Oui-Oui ?Potiron
37%
Qui frappe à la porte de Natasha St Pier selon le titre de sa chanson ?Un ange
29%
Quel humoriste raconte ses mémoires dans "Rire pour ne pas mourir" ?Jean-Marie Bigard
20%

Distribution des résultats

Percentile par nombre de réponses

% des personnes avec chaque résultat

Votre développement - résultats

Vous n’avez pas pris ce quiz